| 000 | 01008na a2200265 4500 | ||
|---|---|---|---|
| 001 | 20441 | ||
| 003 | MIRAKIL | ||
| 005 | 20181213155140.0 | ||
| 008 | 170120b tu 000 0 | ||
| 020 | _a9751928478 | ||
| 035 | _a20441 | ||
| 040 |
_aMilas _btur _cTR-AnCHP |
||
| 041 | _atur | ||
| 082 |
_a330.9561 _bG91 2001 |
||
| 090 | _a330.9561 G91 2001 | ||
| 245 |
_aGüçlü ekonomiye geçiş programı politika metinleri _b(Niyet mektupları ve ekonomik karalara ilişkin mevzuat) _cT.C. Başbakanlık Hazine Müsteşarlığı |
||
| 246 | _a(Niyet mektupları ve ekonomik karalara ilişkin mevzuat) | ||
| 260 |
_a[Ankara] _b[yayl. y.] _c2001 _fT.C. Başbakanlık Hazine Müsteşarlığı matbaası |
||
| 300 |
_ac.1 (453 s.) _btbl. _c24 sm. |
||
| 500 | _aKütüphanemizde 1. cildi vardır. | ||
| 650 |
_aTürkiye _xEkonomi politkaları _yYasa ve yönetmelikler |
||
| 650 |
_aTürkiye _xEkonomi politkaları |
||
| 740 | _a(Niyet mektupları ve ekonomik karalara ilişkin mevzuat) | ||
| 942 |
_2ddc _cBKS |
||
| 999 |
_c7490 _d7490 |
||